004040000a2200085000450024501660000004100140016670000240018010000260020477300880023010aDeterminación y notas sobre los Conocephalinae (Orthóptera: Tettigoniidae) presentes en la colección del Museo de Entomología de la Universidad del Valle0 aEspañol1 aGonzález, Ranulfo1 aMontealegre, Fernando1 tBoletín del Museo de Entomología de la Universidad del Valleh1q37-44d1995g3